ORAL DISEASES AND DISORDERS - DIFFERENTIAL DIAGNOSIS (Record no. 22028)

MARC details
000 -LEADER
fixed length control field 00388nam a22001577a 4500
003 - CONTROL NUMBER IDENTIFIER
control field SGT
020 ## - INTERNATIONAL STANDARD BOOK NUMBER
International Standard Book Number 9788184481440
082 ## - DEWEY DECIMAL CLASSIFICATION NUMBER
Classification number 617.63
Item number O08P
100 ## - MAIN ENTRY--PERSONAL NAME
Personal name PRABHU SR
245 ## - TITLE STATEMENT
Title ORAL DISEASES AND DISORDERS - DIFFERENTIAL DIAGNOSIS
250 ## - EDITION STATEMENT
Edition statement 1st
260 ## - PUBLICATION, DISTRIBUTION, ETC. (IMPRINT)
Place of publication, distribution, etc DELHI DARYAGANJ
Name of publisher, distributor, etc JAYPEE MEDICAL PUBLISHER
Year of Publication 2008
300 ## - PAGE DESCRIPTION
No. of Pages 1-297
650 ## - SUBJECT ADDED ENTRY--TOPICAL TERM
Topical term or geographic name as entry element ORAL MEDICINE
942 ## - ADDED ENTRY ELEMENTS (KOHA)
Source of classification or shelving scheme Dewey Decimal Classification
Koha item type Books
Holdings
Withdrawn status Lost status Source of classification or shelving scheme Damaged status Use restrictions Not for loan Home library Current library Shelving location Date acquired SGTU Full call number Accession No. (Barcode) Date last seen Bill Date Koha item type
    Dewey Decimal Classification   Restricted Access Not For Loan SGT Dental Library SGT Dental Library Reference Book 26/11/2021 SGTU 617.63 O08P FD8475 26/11/2021 26/11/2021 Books